000 00501nam a2200205Ia 4500
003 OSt
005 20230519053048.0
008 210423s2000 xx 000 0 und d
040 _cAL
041 _aeng
082 _a307.1772
_223
_bSHYT
100 _aSHYAMLAL
_9109217
245 _aTribal leadership
260 _aJaipur
_bRawat Publications
_c2000
365 _b380
_cINR
650 _aCommunities
_9109218
650 _aSociology
_9109219
906 _aleadership ; Tribal
942 _2ddc
_cBK
999 _c172497
_d172497